<?xml version="1.0" encoding="UTF-8"?>
<record
    xmlns:xsi="http://www.w3.org/2001/XMLSchema-instance"
    xsi:schemaLocation="http://www.loc.gov/MARC21/slim http://www.loc.gov/standards/marcxml/schema/MARC21slim.xsd"
    xmlns="http://www.loc.gov/MARC21/slim">

  <leader>006740000a22002050004500</leader>
  <datafield tag="090" ind1=" " ind2=" ">
    <subfield code="a">MM</subfield>
    <subfield code="b">00174</subfield>
  </datafield>
  <datafield tag="245" ind1="1" ind2="0">
    <subfield code="a">Recopilaci&#xF3;n de las gu&#xED;as ambientales del ministerio de ambiente, vivienda y desarrollo territorial</subfield>
  </datafield>
  <datafield tag="300" ind1=" " ind2=" ">
    <subfield code="b">CD-ROM</subfield>
  </datafield>
  <datafield tag="650" ind1="1" ind2="4">
    <subfield code="a">Gu&#xED;as ambientales</subfield>
    <subfield code="9">20406</subfield>
  </datafield>
  <datafield tag="650" ind1="1" ind2="4">
    <subfield code="a">Gesti&#xF3;n ambiental</subfield>
    <subfield code="9">92206</subfield>
  </datafield>
  <datafield tag="650" ind1="1" ind2="4">
    <subfield code="a">Pol&#xED;tica ambiental</subfield>
    <subfield code="9">92286</subfield>
  </datafield>
  <datafield tag="650" ind1="1" ind2="4">
    <subfield code="a">Agua potable</subfield>
    <subfield code="9">100946</subfield>
  </datafield>
  <datafield tag="650" ind1="1" ind2="4">
    <subfield code="a">Saneamiento b&#xE1;sico</subfield>
    <subfield code="9">100947</subfield>
  </datafield>
  <datafield tag="651" ind1=" " ind2="4">
    <subfield code="p">Colombia</subfield>
    <subfield code="9">92749</subfield>
  </datafield>
  <datafield tag="041" ind1="0" ind2=" ">
    <subfield code="a">Espa&#xF1;ol</subfield>
  </datafield>
  <datafield tag="044" ind1=" " ind2=" ">
    <subfield code="a">Colombia</subfield>
  </datafield>
  <datafield tag="110" ind1="1" ind2=" ">
    <subfield code="l">Colombia</subfield>
    <subfield code="a">Ministerio de Ambiente, Vivienda y Desarrollo Territorial</subfield>
    <subfield code="9">92336</subfield>
  </datafield>
  <datafield tag="260" ind1=" " ind2=" ">
    <subfield code="a">Bogot&#xE1;</subfield>
    <subfield code="b">Minambiente</subfield>
    <subfield code="c">1997-2003</subfield>
  </datafield>
  <datafield tag="942" ind1=" " ind2=" ">
    <subfield code="c">CD-ROM</subfield>
  </datafield>
  <datafield tag="999" ind1=" " ind2=" ">
    <subfield code="c">16550</subfield>
    <subfield code="d">16550</subfield>
  </datafield>
  <datafield tag="952" ind1=" " ind2=" ">
    <subfield code="0">0</subfield>
    <subfield code="1">0</subfield>
    <subfield code="2">z</subfield>
    <subfield code="4">0</subfield>
    <subfield code="7">0</subfield>
    <subfield code="8">MEDIOSM</subfield>
    <subfield code="a">Bogota</subfield>
    <subfield code="b">Bogota</subfield>
    <subfield code="d">2004-05-16</subfield>
    <subfield code="l">0</subfield>
    <subfield code="o">MM 00174</subfield>
    <subfield code="p">018392</subfield>
    <subfield code="r">2015-03-25 00:00:00</subfield>
    <subfield code="t">Ej. 1</subfield>
    <subfield code="w">2015-03-25</subfield>
    <subfield code="x">Donaci&#xF3;n</subfield>
    <subfield code="y">CD-ROM</subfield>
  </datafield>
</record>
